Küresel pazar açısından kadın emeği ve istihdamındaki değişmeler (Record no. 2374)

MARC details
000 -BAŞLIK
Sabit Uzunlukta Kontrol Alanı 00786na a2200253 4500
001 - KONTROL NUMARASI
Denetim Alanı 13535
003 - KONTROL NUMARASI IDENTIFIER
Denetim Alanı MIRAKIL
005 - SON İŞLEM TARİHİ VE ZAMANI
Denetim Alanı 20181213154855.0
008 - SABİT-BOY VERİ ELEMANLARI - GENEL BİLGİLER
Sabit Uzunlukta Kontrol Alanı 161010b tu 000 0
020 ## - ULUSLARARASI STANDART KİTAP NUMARASI
Uluslararası Standart Kitap Numarası 9759586355
035 ## - SİSTEM KONTROL NUMARASI
Sistem Kontrol Numarası 13535
040 ## - KATALOGLAMA KAYNAK
Orijinal Kataloglama Ajansı Milas
Kataloglama Dili tur
Metne Dönüştürmek Ajansı TR-AnCHP
041 ## - DİL KODU
Metin / Ses Parça Veya Ayrı Başlığın Dil Kodu tur
082 ## - DEWEY ONLU SINIFLANDIRMA NUMARASI
Sınıflandırma Numarası 331.42
Ürün Numarası K96 1998
090 ## - SINIFLAMA NUMARASI
Sınıflama Numarası 331.42 K96 1998
245 ## - BAŞLIK TABLOSU
Başlık Küresel pazar açısından kadın emeği ve istihdamındaki değişmeler
Başlığın Kalan Türkiye örneği
Sorumluluk Tablosu, Vb yayına hazırlayan Ferhunde Özbay
260 ## - YAYIN, DAĞITIM, VB
Yayın, Dağıtım, Vb Yeri İstanbul
Yayıncı, Dağıtıcı, Vs Adı İnsan Kaynağını Geliştirme Vakfı
Yayın, Dağıtım, Vb Tarihi 1998
300 ## - FİZİKSEL TANIM
Kapsam xiii, 191 s.
Boyutlar 21 sm.
504 ## - KAYNAKÇA VB NOT
Kaynakça Vb Notu Kaynakça var.
650 ## - KONU KATMA GİRİŞ - TOPİKAL DÖNEM
Topikal Süreli Veya Coğrafi Ad Giriş Elemanı Kadın işçiler
Genel Alt Bölümü İstihdam
Coğrafi Alt Bölümü Türkiye
650 ## - KONU KATMA GİRİŞ - TOPİKAL DÖNEM
Topikal Süreli Veya Coğrafi Ad Giriş Elemanı Kadın işgücü
Genel Alt Bölümü Türkiye
700 ## - KATMA GİRİŞ - KİŞİSEL İSİM
Kişisel Ad Özbay, Ferhunde
942 ## - EKLENDİ GİRİŞ ELEMANLARI (KOHA)
Sınıflandırma Veya Raf Düzeni Kaynak Dewey Decimal Classification
Koha Öğesi Türü Books
999 ## - SİSTEM KONTROL NUMARALARI (KOHA)
Koha Biblionumber 2374
Koha Biblioitemnumber 2374
Holdings
Kalıcı Konum Mevcut Konum Edinme Tarihi Edinim Kaynak Toplam Check-Out'Lar Tam Çağrı Numarası Barkod Tarih Son Görülme İtibaren Geçerli Fiyatlar Koha Öğesi Türü
CHP Kütüphanesi CHP Kütüphanesi 08/15/2016 Bağış   331.42 K96 1998 000887 08/15/2016 08/15/2016 Books